书目信息 |
| 题名: |
化工原理
|
|
| 作者: | 丁忠伟 , 刘伟 , 刘丽英 编 | |
| 分册: | 下 | |
| 出版信息: | 北京 高等教育出版社 2014.12 |
|
| 页数: | 342页 | |
| 开本: | 28cm | |
| 丛书名: | ||
| 单 册: | ||
| 中图分类: | TQ02 | |
| 科图分类: | ||
| 主题词: | 化工过程:物理过程 , 化工过程:物理化学过程 , 化工过程 | |
| 电子资源: | ||
| ISBN: | 7-04-041446-5 | |
| 000 | 00724nam0 2200241 450 | |
| 001 | 1659813032 | |
| 005 | 20160406163830.23 | |
| 010 | @a7-04-041446-5@dCNY32.10 | |
| 100 | @a20160406d2014 km y0chiy0120 ea | |
| 101 | 0 | @achi |
| 102 | @aCN@b110000 | |
| 200 | 1 | @a化工原理@h下@f丁忠伟, 刘伟, 刘丽英编@Fding zhong wei,liu wei,liu li ying bian |
| 210 | @a北京@c高等教育出版社@d2014.12 | |
| 215 | @a342页@d28cm | |
| 606 | 0 | @a化工过程:物理过程 |
| 606 | 0 | @a化工过程:物理化学过程 |
| 606 | 0 | @a化工过程 |
| 690 | @aTQ02@v4 | |
| 701 | 0 | @a丁忠伟@Ading zhong wei@4编 |
| 701 | 0 | @a刘伟@Aliu wei@4编 |
| 701 | 0 | @a刘丽英@Aliu li ying@4编 |
| 801 | 0 | @aCN@b大连网信软件有限公司图书馆·11@c20160406 |
| 905 | @aZUCC@dTQ02@eD6071:2 | |
| 化工原理.下/丁忠伟, 刘伟, 刘丽英编.-北京:高等教育出版社,2014.12 |
| 342页;28cm |
| ISBN 7-04-041446-5:CNY32.10 |
| ● |
| 相关链接 |
|
|
|
正题名:化工原理
索取号:TQ02/D6071:2
 
预约/预借
| 序号 | 登录号 | 条形码 | 馆藏地/架位号 | 状态 | 备注 |
| 1 | 1222428 | 212224289 | 自科库501/501自科库 137排4列3层/ [索取号:TQ02/D6071:2] | 在馆 |